000 00519nam a2200181 a 4500
005 20240802063707.0
008 991125s1992 mx 000 0 spa u
035 _aUPN01000035824
049 _aI
050 4 _aPZ78
_bL839
245 0 0 _aLugares sagrados :
_brelato wirrarika /
_ctr. Leonardo González Chávez.
260 _aMéxico :
_bINI,
_c1992.
300 _a39 p. :
_bil. col.
500 _aEdición bilingüe
650 4 _aGENERO NARRATIVO
650 4 _aLiteratura infantil mexicana
_910209
905 _aInfantil
999 _c35824
_d35824